Medicine and psychiatry : a practical approach /

Bibliographic Details
Other Authors: Creed, Francis, Pfeffer, Jeremy M.
Format: Book
Language:English
Published: London ; Marshfield, Mass. : Pitman, 1982.
Subjects:

MARC

Tag First Indicator Second Indicator Subfields
LEADER 00000cam a2200000 a 4500
001 in00000525976
005 20151013092341.0
008 830428s1982 enka b 00100 eng d
020 |a 0272796689 
035 |a (OCoLC)09575877 
035 |9 ACG0118AM 
039 0 |a 2  |b 3  |c 3  |d 3  |e 2 
040 |a NLM  |c NLM  |d TXA  |d UtOrBLW 
049 |a TXAM  |c [1813665] 
060 0 |a WM 90 M489 1982 
069 0 |a 8302963 
090 |a RC49  |b .M42 1982 
245 0 0 |a Medicine and psychiatry :  |b a practical approach /  |c edited by Francis Creed, Jeremy M. Pfeffer. 
264 1 |a London ; Marshfield, Mass. :  |b Pitman,  |c 1982. 
300 |a xiv, 474 pages :  |b illustrations 
336 |a text  |b txt  |2 rdacontent 
337 |a unmediated  |b n  |2 rdamedia 
338 |a volume  |b nc  |2 rdacarrier 
504 |a Includes bibliographies and index. 
650 0 |a Medicine, Psychosomatic. 
700 1 |a Creed, Francis. 
700 1 |a Pfeffer, Jeremy M. 
999 |a MARS 
999 f f |s 0b400bfb-d980-3c34-8648-40af31e327e4  |i 1690e84d-73ed-3421-9d10-b02fedff2a40  |t 0 
952 f f |p ric  |a Texas A&M University  |b Rellis Campus  |c Joint Library Facility  |d Remote Storage  |t 0  |e RC49 .M42 1982  |h Library of Congress classification  |i unmediated -- volume  |m A14808068774 
998 f f |a RC49 .M42 1982  |t 0  |l Remote Storage